| 000 | 01616cam a2200385 a 4500 | ||
|---|---|---|---|
| 999 |
_c173359 _d173359 |
||
| 001 | 4465960 | ||
| 003 | Nust | ||
| 005 | 20180719092227.0 | ||
| 008 | 951214s1995 enka j 000 1 eng | ||
| 010 | _a 95234683 | ||
| 020 |
_a0140380531 (pbk.) _cRs. 200 |
||
| 020 | _a9780140380531 | ||
| 038 | _aArshad | ||
| 040 |
_aDLC _cDLC _dDLC |
||
| 042 | _alcac | ||
| 050 | 0 | 0 |
_aPR1872 _b.M28 1984 |
| 082 | 0 | 0 |
_a821.1 _bCHA |
| 100 | 1 |
_aMcCaughrean, Geraldine. _911858 |
|
| 245 | 1 | 4 |
_aThe Canterbury tales / _c[retold by] Geraldine McCaughrean ; illustrated by Victor G. Ambrus. |
| 260 |
_aOxford [Oxfordshire] : _bOxford University Press, _c1984, |
||
| 300 |
_a116 p. : _bcol. ill. ; _c29 cm. |
||
| 520 | _aAn illustrated retelling of Geoffrey Chaucer's famous work in which a group of pilgrims in fourteenth-century England tell each other stories as they travel on a pilgrimage to the cathedral at Canterbury. | ||
| 600 | 1 | 0 |
_aChaucer, Geoffrey, _d-1400 _xAdaptations. _911859 |
| 600 | 1 | 1 |
_aChaucer, Geoffrey, _dd. 1400 _xAdaptations. _911860 |
| 650 | 0 |
_aChristian pilgrims and pilgrimages _zEngland _zCanterbury _xJuvenile fiction. _911861 |
|
| 650 | 0 |
_aMiddle Ages _xJuvenile fiction. _911862 |
|
| 650 | 0 |
_aChildren's stories, English. _911694 |
|
| 650 | 1 |
_aMiddle Ages _xFiction. _911863 |
|
| 650 | 1 |
_aShort stories. _91396 |
|
| 700 | 1 |
_aAmbrus, Victor G., _eill. _911864 |
|
| 700 | 1 |
_aChaucer, Geoffrey, _d-1400. _tCanterbury tales. _kSelections. _911865 |
|
| 906 |
_a7 _bcbc _corignew _d2 _encip _f19 _gy-gencatlg |
||
| 942 |
_2ddc _cBK |
||